Introduccion a la termodinamica en ingenieria quimica / J. M. Smith, C. H. Van Nest (Registro nro. 18990)

Detalles MARC
000 -LÍDER
fixed length control field 00527nam a2200169 4500
008 - ELEMENTOS DE LONGITUD FIJA -- INFORMACIÓN GENERAL
fixed length control field 01981 1980 0i 000 0MEX
020 ## - NÚMERO INTERNACIONAL NORMALIZADO PARA LIBROS
ISBN 968-6046-37-2
050 ## - SIGNATURA TOPOGRAFICA DE LA BIBLIOTECA DEL CONGRESO (LC)
Número de Clasificación TP149 S54 1981
082 ## - NUMERO DE CLASIFICACION DECIMAL DEWEY
Número de Clasificación 660.284.24 S824i
100 ## - ASIENTO PRINCIPAL--NOMBRE PERSONAL
Nombre personal Smith, J. M.
245 ## - TÍTULO
Título Introduccion a la termodinamica en ingenieria quimica / J. M. Smith, C. H. Van Nest
250 ## - MENCIÓN DE EDICIÓN
Mención de edición 1
260 ## - PUBLICACIÓN, DISTRIBUCIÓN, ETC. (PIE DE IMPRENTA)
Lugar de publicación, distribución, etc. Mexico : McGraw-Hill
300 ## - DESCRIPCIÓN FÍSICA
Extensión xv, 668 p. / 24 cm.
650 ## - ASIENTO SECUNDARIO DE MATERIA - TERMINO TEMÁTICO
Término temático o nombre geográfico como elemento de entrada 1. TERMODINAMICA \ 2. INGENIERIA QUIMICA
700 ## - ASIENTO SECUNDARIO - NOMBRE PERSONAL
Nombre personal I. Van Ness, C. H. coaut.
Existencias
No. biblioteca No. biblioteca Número de clasificación Código de barras/Número de adquisición Número de copia Tipo de material
LUIS G. INCLAN LUIS G. INCLAN 660.284.24 S824i 4482 2 Libros
LUIS G. INCLAN LUIS G. INCLAN 660.284.24 S824i 4485 5 Libros
LUIS G. INCLAN LUIS G. INCLAN 660.284.24 S824i 4487 7 Libros
LUIS G. INCLAN LUIS G. INCLAN 660.284.24 S824i 4484 4 Libros
LUIS G. INCLAN LUIS G. INCLAN 660.284.24 S824i 4481 1 Libros
Calzada Tecnológico # 27, Zacatepec, Morelos.
01(734) 343-07-23 / 343-21-10 / 343-21-11
Apdo. Postal 45 C.P 62780